Jak państwo jest najbogatsze w Europie? - Statystyki

Ogólne statystyki
  • Ten quiz został rozwiązany 41 razy
  • Średni wynik to 8 z 8
Statystyki odpowiedzi
Hint Odpowiedź % Poprawnych
2,96 bln. USD Francja
100%
4,260 bln. USD Niemcy
100%
3,13 bln. USD Wielka Brytania
100%
2,11 bln. USD Włochy
97%
1,43 bln. USD Hiszpania
92%
0,679 bln. USD Polska
92%
1,01 bln. USD Holandia
87%
0,801 bln. USD Szwajcaria
85%
Nie znaleziono quizów pasujących do podanych kryteriów
Rozkład punktacji
Procent ludzi z każdym wynikiem
Percentyl według liczby udzielonych odpowiedzi
Twoja historia wyników
Nie rozwiązałeś tego quizu